| 000 | 00627npc a2200205Ia 4500 | ||
|---|---|---|---|
| 001 | dp5-249 [d000000139] | ||
| 003 | IT-MiCISF | ||
| 008 | 161014s9999||||xx | und|| | ||
| 040 |
_aIT-MiCISF _cIT-MiCISF |
||
| 041 | _ait | ||
| 100 | _aAA.VV. | ||
| 245 | 0 |
_aPerché non crescano soli _bDocumento base |
|
| 250 | _a1a ed. | ||
| 260 |
_a Verona _bMovimento gruppi famiglia _c1986 |
||
| 300 | _ap. 36 | ||
| 500 | _aMovimento gruppi famiglia / pastorale, pastorale-familiare, storia, problemi-infanzia, affido, adozione, volontariato / | ||
| 650 | _apastorale-familiare | ||
| 942 | _cDD | ||
| 957 | _71 | ||
| 999 |
_a249 _bsi _g1 _c206384 _d206384 |
||